Bilecik Bilecik Bilecik Bilecik Bilecik

Beykoz 2020 sempozyumu: tebliğler kitabı, 27-29 Kasım 2020; İstanbul, Türkiye/ (Record no. 71464)

MARC details
000 -BAŞLIK
Sabit Uzunluktaki Kontrol Alanı 01304nam a22003737a 4500
001 - KONTROL NUMARASI
Control Dosyası 0070716
003 - KONTROL NUMARASI KİMLİĞİ
Kontrol Alanı KOHA_MİRAKIL
005 - EN SON İŞLEM TARİHİ ve ZAMANI
Kontrol Alanı 20260207004936.0
007 - FİZİKSEL TANIM SABİT ALAN - GENEL BİLGİ
Sabit uzunluklu kontrol alanı ta
008 - SABİT UZUNLUKTAKİ VERİ ÖGELERİ - GENEL BİLGİ
Sabit Alan 240320b2021 tu |||gr||||#0|||0|tur |
020 ## - ISBN - ULUSLARARASI STANDART KİTAP NUMARASI
Isbn 9786057480217
040 ## - KATALOGLAMA KAYNAĞI
Özgün Kataloglama Kurumu TR-BiSEU
Kataloglama Dili tur
Çeviri Kurumu TR-BiSEU
Açıklama Kuralları rda
041 0# - DİL KODU
Metin ya da ses kaydının dil kodu tur
044 ## - YAYINLAYAN/ÜRETEN KURULUŞUN ÜLKE KODU
ISO country code tu
050 ## - SINIFLAMA ve YER NUMARASI
Sınıflama Numarası DR738.5
Yer Numarası .B49 2021
111 2# - TOPLANTI ADI
Toplantı Adı Beykoz 2020 Sempozyumu (2020 : İstanbul)
9 (RLIN) 138214
245 1# - ESER ADI BİLDİRİMİ
Başlık Beykoz 2020 sempozyumu: tebliğler kitabı, 27-29 Kasım 2020; İstanbul, Türkiye/
Sorumluluk Bildirimi editör Hilal Yurdakul.
264 #1 - ÜRERİM, YAYIN, DAĞITIM ve TELİF BİLDİRİMİ
Yayın yeri İstanbul :
Yayınlayan Beykoz Belediyesi Kültür Yayınları
Yayın tarihi 2021
300 ## - FİZİKSEL TANIMLAMA
Sayfa, Cilt vb. 1278 sayfa: resimli, harita; 24 cm.
336 ## - İÇERİK TÜRÜ
Content type term metin
Content type code txt
Source rdacontent
337 ## - MEDYA TÜRÜ
Media type term aracısız
Media type code n
Source rdamedia
338 ## - TAŞIYICI TÜRÜ
Carrier type term cilt
Carrier type code nc
Source rdacarrier
490 1# - DİZİ BİLDİRİMİ
Dizi Bildirimi Beykoz Kitaplığı ;
Cilt Numarası 13.
490 1# - DİZİ BİLDİRİMİ
Dizi Bildirimi Sempozyum ;
Cilt Numarası 3.
490 1# - DİZİ BİLDİRİMİ
Dizi Bildirimi Beykoz Belediyesi Kültür Yayınları ;
Cilt Numarası 45
500 ## - GENEL NOT
Genel Not Kaynakça bölüm sonlarındadır.
650 #0 - KONU BAŞLIĞI EK GİRİŞ - KONU TERİMİ
Konusal terim veya coğrafi ad Beykoz--(İstanbul,Türkiye)--Toplantılar.
9 (RLIN) 138215
650 #0 - KONU BAŞLIĞI EK GİRİŞ - KONU TERİMİ
Konusal terim veya coğrafi ad Beykoz--(Istanbul,Türkiye)--Meetings.
9 (RLIN) 138216
830 1# - SERİ EK GİRİŞİ - TEKBİÇİM ESER ADI
Tekbiçim Başlık Beykoz Kitaplığı ;
Volume number/sequential designation 13.
9 (RLIN) 126137
830 1# - SERİ EK GİRİŞİ - TEKBİÇİM ESER ADI
Tekbiçim Başlık Sempozyum ;
Volume number/sequential designation 3.
9 (RLIN) 132714
830 1# - SERİ EK GİRİŞİ - TEKBİÇİM ESER ADI
Tekbiçim Başlık Beykoz Belediyesi Kültür Yayınları ;
Volume number/sequential designation 45
9 (RLIN) 28642
907 ## - LOCAL DATA ELEMENT G, LDG (RLIN)
a Tarih
942 ## - EK GİRİŞ ÖGELERİ (KOHA)
Source of classification or shelving scheme Library of Congress Classification
Koha item type Book
Holdings
Materyal Türü Kalıcı Konum Mevcut Konum Raf Yeri Sınıflandırma Kaynağı Edinim Bilgisi Ana Konular Alt Konular Yer Numarası Demirbaş Numarası Fatura Tarihi Geri Çekilme Durumu Kayıp Durumu Hasarlı Durumu Kredi için değil Kayıt Tarih Toplam Ödünçverme Son Görülme Tarihi Son Kontrol Tarihi Genel / Bağış Notu
Book Prof. Dr. Azmi Özcan Kütüphanesi Prof. Dr. Azmi Özcan Kütüphanesi Uluğbey Salonu Library of Congress Classification Bağış DÜNYA TARİHİ (AVRUPA, ASYA, AFRİKA VB.) Balkan Yarımadası DR738.5 .B49 2021 0070716 02/02/2026         20/03/2024   17/03/2025 17/03/2025 Genel Bağış